<?xml version="1.0" encoding="UTF-8"?>
<record
    xmlns:xsi="http://www.w3.org/2001/XMLSchema-instance"
    xsi:schemaLocation="http://www.loc.gov/MARC21/slim http://www.loc.gov/standards/marcxml/schema/MARC21slim.xsd"
    xmlns="http://www.loc.gov/MARC21/slim">

  <leader>02437nam a2200493 i 4500</leader>
  <controlfield tag="001">15735</controlfield>
  <controlfield tag="003">KOSZ 005</controlfield>
  <controlfield tag="005">20200818130522.0</controlfield>
  <controlfield tag="008">200818s1973    pl a   f      000 0 pol d</controlfield>
  <datafield tag="040" ind1=" " ind2=" ">
    <subfield code="a">KOSZ 005</subfield>
    <subfield code="c">KOSZ 005/RW</subfield>
  </datafield>
  <datafield tag="041" ind1="0" ind2=" ">
    <subfield code="a">pol</subfield>
    <subfield code="b">fre</subfield>
  </datafield>
  <datafield tag="046" ind1=" " ind2=" ">
    <subfield code="k">1973</subfield>
  </datafield>
  <datafield tag="080" ind1=" " ind2=" ">
    <subfield code="a">621.9</subfield>
  </datafield>
  <datafield tag="100" ind1="1" ind2=" ">
    <subfield code="a">Chajda, Jan</subfield>
    <subfield code="d">(1939- )</subfield>
    <subfield code="e">Autor</subfield>
  </datafield>
  <datafield tag="245" ind1="1" ind2="0">
    <subfield code="a">Wp&#x142;yw rodzaju i wielko&#x15B;ci zu&#x17C;ycia narz&#x119;dzi na prac&#x119; w&#x142;a&#x15B;ciw&#x105; skrawania / </subfield>
    <subfield code="c">Jan Chajda, Leszek Str&#xF3;&#x17C;yk. Praca w&#x142;a&#x15B;ciwa skrawania jako wska&#x17A;nik skrawalno&#x15B;ci / Jan Chajda, Kazimierz Wieczorowski. Wp&#x142;yw k&#x105;t&#xF3;w ostrza na zu&#x17C;ycie no&#x17C;y tokarskich NNZa z p&#x142;ytkami z w&#x119;glik&#xF3;w spiekanych przy toczeniu p&#xF3;&#x142;wyrob&#xF3;w staliwnych / Kazimierz Wieczorowski, Krzysztof Kodym.</subfield>
  </datafield>
  <datafield tag="246" ind1="3" ind2="1">
    <subfield code="a">Praca w&#x142;a&#x15B;ciwa skrawania jako wska&#x17A;nik skrawalno&#x15B;ci</subfield>
  </datafield>
  <datafield tag="246" ind1="3" ind2="1">
    <subfield code="a">Wp&#x142;yw k&#x105;t&#xF3;w ostrza na zu&#x17C;ycie no&#x17C;y tokarskich NNZa z p&#x142;ytkami z w&#x119;glik&#xF3;w spiekanych przy toczeniu p&#xF3;&#x142;wyrob&#xF3;w staliwnych</subfield>
  </datafield>
  <datafield tag="260" ind1=" " ind2=" ">
    <subfield code="a">Warszawa :</subfield>
    <subfield code="b">Pa&#x144;stwowe Wydawnictwo Naukowe,</subfield>
    <subfield code="c">1973.</subfield>
  </datafield>
  <datafield tag="300" ind1=" " ind2=" ">
    <subfield code="a">49, [2] stron :</subfield>
    <subfield code="b">ilustracje, errata ;</subfield>
    <subfield code="c">24 cm.</subfield>
  </datafield>
  <datafield tag="336" ind1=" " ind2=" ">
    <subfield code="a">Tekst</subfield>
    <subfield code="b">txt</subfield>
    <subfield code="2">rdacontent</subfield>
  </datafield>
  <datafield tag="337" ind1=" " ind2=" ">
    <subfield code="a">Bez urz&#x105;dzenia po&#x15B;rednicz&#x105;cego</subfield>
    <subfield code="b">n</subfield>
    <subfield code="2">rdamedia</subfield>
  </datafield>
  <datafield tag="338" ind1=" " ind2=" ">
    <subfield code="a">Wolumin</subfield>
    <subfield code="b">nc</subfield>
    <subfield code="2">rdacarrier</subfield>
  </datafield>
  <datafield tag="380" ind1=" " ind2=" ">
    <subfield code="a">Ksi&#x105;&#x17C;ki</subfield>
  </datafield>
  <datafield tag="380" ind1=" " ind2=" ">
    <subfield code="a">Publikacje naukowe</subfield>
  </datafield>
  <datafield tag="388" ind1="1" ind2=" ">
    <subfield code="a">1901-2000</subfield>
  </datafield>
  <datafield tag="388" ind1="1" ind2=" ">
    <subfield code="a">1945-1989</subfield>
  </datafield>
  <datafield tag="490" ind1="1" ind2=" ">
    <subfield code="a">Prace Komisji Budowy Maszyn,</subfield>
    <subfield code="x">0079-4600 ;</subfield>
    <subfield code="v">t. 1, z. 7</subfield>
  </datafield>
  <datafield tag="504" ind1=" " ind2=" ">
    <subfield code="a">Bibliografia po pracach.</subfield>
  </datafield>
  <datafield tag="536" ind1=" " ind2=" ">
    <subfield code="a">Prace wydane z zasi&#x142;ku Polskiej Akademii Nauk.</subfield>
  </datafield>
  <datafield tag="546" ind1=" " ind2=" ">
    <subfield code="a">Streszczenie w j&#x119;zyku francuskim.</subfield>
  </datafield>
  <datafield tag="650" ind1=" " ind2="7">
    <subfield code="a">Skrawanie</subfield>
  </datafield>
  <datafield tag="650" ind1=" " ind2="7">
    <subfield code="a">Obr&#xF3;bka metali</subfield>
  </datafield>
  <datafield tag="650" ind1=" " ind2="7">
    <subfield code="a">Narz&#x119;dzia skrawaj&#x105;ce</subfield>
  </datafield>
  <datafield tag="658" ind1=" " ind2=" ">
    <subfield code="a">In&#x17C;ynieria i technika</subfield>
  </datafield>
  <datafield tag="700" ind1="1" ind2=" ">
    <subfield code="a">Str&#xF3;&#x17C;yk, Leszek</subfield>
    <subfield code="e">Autor</subfield>
  </datafield>
  <datafield tag="700" ind1="1" ind2=" ">
    <subfield code="a">Wieczorowski, Kazimierz</subfield>
    <subfield code="d">(1931-2010)</subfield>
    <subfield code="e">Autor</subfield>
  </datafield>
  <datafield tag="700" ind1="1" ind2=" ">
    <subfield code="a">Kodym, Krzysztof</subfield>
    <subfield code="e">Autor</subfield>
  </datafield>
  <datafield tag="700" ind1="1" ind2="2">
    <subfield code="a">Chajda, Jan</subfield>
    <subfield code="d">(1939- )</subfield>
    <subfield code="t">Praca w&#x142;a&#x15B;ciwa skrawania jako wska&#x17A;nik skrawalno&#x15B;ci</subfield>
  </datafield>
  <datafield tag="700" ind1="1" ind2="2">
    <subfield code="a">Wieczorowski, Kazimierz</subfield>
    <subfield code="d">(1931-2010)</subfield>
    <subfield code="t">Wp&#x142;yw k&#x105;t&#xF3;w ostrza na zu&#x17C;ycie no&#x17C;y tokarskich NNZa z p&#x142;ytkami z w&#x119;glik&#xF3;w spiekanych przy toczeniu p&#xF3;&#x142;wyrob&#xF3;w staliwnych</subfield>
  </datafield>
  <datafield tag="710" ind1="2" ind2=" ">
    <subfield code="a">Pa&#x144;stwowe Wydawnictwo Naukowe</subfield>
    <subfield code="4">pbl</subfield>
  </datafield>
  <datafield tag="830" ind1=" " ind2="0">
    <subfield code="a">Prace Komisji Budowy Maszyn</subfield>
    <subfield code="v">t. 1, z. 7</subfield>
  </datafield>
  <datafield tag="856" ind1=" " ind2=" ">
    <subfield code="u">http://koha.tu.koszalin.pl/cgi-bin/koha/opac-detail.pl?biblionumber=15735</subfield>
    <subfield code="y">Katalog online BPK</subfield>
  </datafield>
  <datafield tag="942" ind1=" " ind2=" ">
    <subfield code="2">UKD</subfield>
    <subfield code="c">KS</subfield>
  </datafield>
  <datafield tag="999" ind1=" " ind2=" ">
    <subfield code="c">15735</subfield>
    <subfield code="d">15735</subfield>
  </datafield>
  <datafield tag="952" ind1=" " ind2=" ">
    <subfield code="0">0</subfield>
    <subfield code="1">0</subfield>
    <subfield code="4">0</subfield>
    <subfield code="7">0</subfield>
    <subfield code="a">BPK</subfield>
    <subfield code="b">BPK</subfield>
    <subfield code="c">w</subfield>
    <subfield code="o">16578</subfield>
    <subfield code="p">01736380</subfield>
    <subfield code="y">KS</subfield>
  </datafield>
  <datafield tag="952" ind1=" " ind2=" ">
    <subfield code="0">0</subfield>
    <subfield code="1">0</subfield>
    <subfield code="4">0</subfield>
    <subfield code="7">0</subfield>
    <subfield code="a">BPK</subfield>
    <subfield code="b">BPK</subfield>
    <subfield code="c">w</subfield>
    <subfield code="o">29056</subfield>
    <subfield code="p">00145428</subfield>
    <subfield code="y">KS</subfield>
  </datafield>
</record>
